ESSENTIALS OF ORTHOGNATHIC SURGERY (Registro nro. 59529)
[ vista simple ]
| 000 -LEADER | |
|---|---|
| fixed length control field | 00426nam a2200157 a 4500 |
| 001 - CONTROL NUMBER | |
| control field | 59529 |
| 005 - DATE AND TIME OF LATEST TRANSACTION | |
| control field | 20180714060518.0 |
| 008 - FIXED-LENGTH DATA ELEMENTS--GENERAL INFORMATION | |
| fixed length control field | 140415s2010 xxc 000 0 eng d |
| 020 ## - INTERNATIONAL STANDARD BOOK NUMBER | |
| International Standard Book Number | 9780867155006 |
| 041 ## - LANGUAGE CODE | |
| Language code of text/sound track or separate title | eng |
| 082 ## - DEWEY DECIMAL CLASSIFICATION NUMBER | |
| Classification number | 617.643059 |
| Item number | REY |
| 245 00 - TITLE STATEMENT | |
| Title | ESSENTIALS OF ORTHOGNATHIC SURGERY |
| 250 ## - EDITION STATEMENT | |
| Edition statement | 2a ed. |
| 260 ## - PUBLICATION, DISTRIBUTION, ETC. | |
| Place of publication, distribution, etc. | CANADA : |
| Name of publisher, distributor, etc. | QUINTESSENCE PUBLISHING, |
| Date of publication, distribution, etc. | 2010 |
| 300 ## - PHYSICAL DESCRIPTION | |
| Extent | 2 |
| Dimensions | 22.3 x 1.9 x 28.6 |
| Withdrawn status | Lost status | Source of classification or shelving scheme | Damaged status | Not for loan | Collection code | Home library | Current library | Shelving location | Date acquired | Source of acquisition | Inventory number | Total Checkouts | Full call number | Barcode | Date last seen | Price effective from | Koha item type |
|---|---|---|---|---|---|---|---|---|---|---|---|---|---|---|---|---|---|
| Dewey Decimal Classification | General | Biblioteca Karol Wojtyla | Biblioteca Karol Wojtyla | Sala general | 03/12/2013 | Compra | 151000000000000000007682 | 617.643059 REY 2010 | 89903 | 05/01/2026 | 15/01/2015 | Reserva permanente | |||||
| Dewey Decimal Classification | General | Biblioteca Karol Wojtyla | Biblioteca Karol Wojtyla | Sala general | 03/12/2013 | Compra | 151000000000000000007681 | 617.643059 REY 2010 | 89902 | 05/01/2026 | 15/01/2015 | Reserva permanente |